000 00301nam a22001337a 4500
008 170602b xxu||||| |||| 00| 0 eng d
020 _a9780815704096
041 _aeng
080 _a94
100 _a17
101 _aSHH
245 _aTOUGHING IT OUT IN AFGHANISTAN
_cO'HANLON,M.E
942 _2udc
_cBK
999 _c15592
_d15592